| 000 | 00523nmm a2200157Ia 4500 | ||
|---|---|---|---|
| 008 | 251105s9999||||xx |||||||||||||||||und|| | ||
| 020 | _a9788490646090 | ||
| 041 | _aspa | ||
| 100 | _aLuna Morales, Alfons | ||
| 245 | 0 |
_aArchie Robertson tiene la palabra : _b Cómo los escoceses dijeron 'no' a su independencia |
|
| 264 |
_a[Madrid, España] : _bUniversitat Oberta de Catalunya, _c2015 |
||
| 300 | _a126 páginas | ||
| 650 | _aHistory of Europe | ||
| 856 | _uhttps://public.digitaliapublishing.com/a/37982 | ||
| 942 | _cCF | ||
| 999 |
_c87735 _d87735 |
||